| 000 | 00694cam a22002171 4500 | ||
|---|---|---|---|
| 001 | sa 67000239 | ||
| 003 | DLC | ||
| 005 | 20260227112313.0 | ||
| 008 | 890514m19641965io ac 000 0 dut | ||
| 010 | _asa 67000239 | ||
| 035 | _a(OCoLC)23396566 | ||
| 040 |
_aDLC _cMiU _dWU _dDLC |
||
| 042 | _apremarc | ||
| 050 | 0 | 0 |
_aBP45 _b.K3 |
| 100 | 1 | _aKasim, Muhammad. | |
| 245 | 1 | 0 |
_aBerbahagia didunia dan diachirat; _bbuku peladjaran agama Islam untuk sekolah dasar, _coleh Muh. Kasim dkk. |
| 260 |
_aBandung, _bPelita Masa, _c1964-65. |
||
| 300 |
_a2 v. _billus., ports. _c17 cm. |
||
| 500 | _aVol. 2 has subtitle: Untuk kelas VI. | ||
| 650 | 0 |
_aIslamic religious education _xTextbooks for children. |
|
| 999 |
_c71844 _d71844 |
||